000
00238nam a2200097Ia 4500
001
965572
005
20250826220248.0
008
250824s9999 xx 000 0 und d
245
0
_a
İKİ SÖZ
_c
KAHRAMAN TAZEOĞLU
260
_b
DESTEK YAYINLARI
999
_c
965572
_d
965572